Okręgi wyborcze do Sejmu w Polsce z mapą - Statystyki

Ogólne statystyki
  • Ten quiz został rozwiązany 103 razy
  • Średni wynik to 36 z 41
Odpowiedzi na mapie
Odpowiedzi zakodowano w zielono-czerwonej skali na mapie do tego quizu, zgodnie z poniższymi procentami.
 
Statystyki odpowiedzi
Siedziba OKW % Poprawnych
Gdańsk
100%
Kraków
100%
Białystok
99%
Olsztyn
99%
Poznań
99%
Szczecin
99%
Warszawa
99%
Warszawa
99%
Kielce
98%
Łódź
98%
Zielona Góra
98%
Lublin
96%
Rzeszów
96%
Wrocław
96%
Katowice
95%
Radom
95%
Bydgoszcz
94%
Częstochowa
94%
Elbląg
94%
Toruń
94%
Opole
93%
Płock
87%
Siedlce
86%
Słupsk
86%
Gliwice
84%
Kalisz
84%
Koszalin
84%
Legnica
82%
Nowy Sącz
81%
Chełm
80%
Tarnów
80%
Sosnowiec
78%
Wałbrzych
78%
Konin
76%
Krosno
76%
Piła
76%
Piotrków Trybunalski
76%
Bielsko-Biała
73%
Sieradz
64%
Rybnik
59%
Chrzanów
49%
Nie znaleziono quizów pasujących do podanych kryteriów
Rozkład punktacji
Procent ludzi z każdym wynikiem
Percentyl według liczby udzielonych odpowiedzi
Twoja historia wyników
Nie rozwiązałeś tego quizu